La cría casera de gallinas : material de capacitación
Guardado en:
| Formato: | Libro |
|---|---|
| Publicado: |
Buenos Aires :
Inta,
2005
|
| Series: | Pro-huerta
|
| Materias: | |
| Etiquetas: |
Agregar Etiqueta
Sin Etiquetas, Sea el primero en etiquetar este registro!
|
| LEADER | 00712nam a22002055a 4500 | ||
|---|---|---|---|
| 001 | CEM.cems018099 | ||
| 005 | 20131025114942.0 | ||
| 008 | 130507s2005##################000#0#####d | ||
| 003 | CEMS | ||
| 082 | 0 | 4 | |a FC636.5 |
| 245 | 0 | 0 | |a La cría casera de gallinas : |b material de capacitación |
| 260 | |a Buenos Aires : |b Inta, |c 2005 | ||
| 300 | |a 28 p. | ||
| 490 | 0 | |a Pro-huerta | |
| 500 | |a Plan Nacional de Seguridad Alimentaria : el hambre más urgente | ||
| 653 | |a Gallinas | ||
| 653 | |a Cría de gallinas | ||
| 859 | |a CEMS |b BIB. CEMS - Agricultura |h FC636.5 |i Ar37 |p A0031.44 |t Ej.1 | ||
| 859 | |a CEMS |b BIB. CEMS - Agricultura |h FC636.5 |i Ar37 |p A0032.44 |t Ej.2 | ||
| 859 | |a CEMS |b BIB. CEMS - Agricultura |h FC636.5 |i Ar37 |p A0033.44 |t Ej.3 | ||
